000 00869nam a2200229 a 4500
003 0
005 20250312153003.0
008 080728s19uu xx 00 eng d
050 _aPGS PN 1995.9.A435
_b.C545 2008
100 _aChoi, Ho Jung.
245 _aGender and movie preferences of selected middle school students /
_cHo Jung Choi.
260 _aLas PiƱas City, Philippines :
_bSouthville International School and Colleges,
_c2008.
300 _a20 pages :
_billustrations ;
_c28 cm.
504 _aIncludes bibliographical references.
650 _aMotion pictures
_vPsychological aspects.
650 _aMotion pictures
_vSocial aspects.
650 _aAdolescence
_vSocial aspects.
650 _aFilm preference
_vGender differences.
650 _aMiddle school students
_vAttitudes.
650 _aGender identity in mass media.
942 _2lcc
_cPASS
999 _c97956
_d97956